|
|
|
|
| LEADER |
00000nam a2200000 a 4500 |
| 001 |
UCL8157 |
| 003 |
CL-VaPUC |
| 008 |
040611e20021200CL |||||||||||||||||spa|d |
| 020 |
|
|
|a 9562403645
|
| 082 |
0 |
4 |
|a 372.83
|b BER
|2 21
|
| 100 |
0 |
|
|a Berríos Cortés, Paulina
|e author
|9 486123
|
| 700 |
0 |
|
|a Cisternas Céspedes, Jaime
|e author
|9 486124
|
| 700 |
0 |
|
|a Marín Castro, Francisco
|e author
|9 486125
|
| 245 |
1 |
0 |
|a Estudio y comprensión de la sociedad 8º año Básico: texto para el estudiante
|
| 300 |
|
|
|a 189 p
|
| 942 |
|
|
|c BK
|
| 945 |
|
|
|d 20040611 00:00:00
|a cmena
|
| 260 |
|
|
|a Santiago
|b Arrayán
|c 2002
|
| 650 |
|
0 |
|a Educación básica
|9 224933
|
| 650 |
|
0 |
|a Educación cívica
|9 314665
|
| 650 |
|
0 |
|a Métodos de enseñanza
|9 270413
|
| 650 |
|
0 |
|a Libros de texto
|9 270019
|
| 650 |
|
0 |
|a Enseñanza de la geografía
|9 310005
|
| 650 |
|
0 |
|a Desarrollo social
|9 264534
|
| 650 |
|
0 |
|a Enseñanza de la historia
|9 307330
|
| 583 |
|
|
|a last modification
|c 20190610 15:15:04
|k Rodrigo Vera
|
| 999 |
|
|
|c 309601
|d 309599
|
| 952 |
|
|
|0 0
|1 0
|4 0
|6 372_830000000000000_BER_2002
|7 0
|8 P
|9 377143
|a BIBEDU
|b BIBEDU
|d 2019-11-21
|i 4025725
|o 372.83 BER 2002
|p 4025725
|r 2019-11-21
|w 2019-11-21
|y BK
|k EBA
|
| 952 |
|
|
|0 0
|1 0
|4 0
|6 372_830000000000000_BER_2002
|7 0
|8 A
|9 377144
|a BIBHIS
|b BIBHIS
|d 2019-11-21
|i 4233913
|o 372.83 BER 2002
|p 4233913
|r 2025-01-20
|w 2019-11-21
|y BK
|k HIS
|
| 952 |
|
|
|0 0
|1 0
|4 0
|6 372_830000000000000_BER_2002
|7 0
|8 A
|9 377145
|a BIBHIS
|b BIBHIS
|d 2019-11-21
|i 4233921
|o 372.83 BER 2002
|p 4233921
|r 2025-01-20
|w 2019-11-21
|y BK
|k HIS
|
| 952 |
|
|
|0 0
|1 0
|4 0
|6 372_830000000000000_BER_2002
|7 0
|8 A
|9 377146
|a BIBHIS
|b BIBHIS
|d 2019-11-21
|i 423393K
|o 372.83 BER 2002
|p 423393K
|r 2025-01-20
|w 2019-11-21
|y BK
|k HIS
|
| 952 |
|
|
|0 0
|1 0
|4 0
|6 372_830000000000000_BER_2002
|7 0
|8 A
|9 377147
|a BIBHIS
|b BIBHIS
|d 2019-11-21
|i 4233948
|o 372.83 BER 2002
|p 4233948
|r 2025-01-20
|w 2019-11-21
|y BK
|k HIS
|
| 952 |
|
|
|0 0
|1 0
|4 0
|6 372_830000000000000_BER_2002
|7 0
|8 A
|9 377148
|a BIBHIS
|b BIBHIS
|d 2019-11-21
|i 4233956
|o 372.83 BER 2002
|p 4233956
|r 2025-01-20
|w 2019-11-21
|y BK
|k HIS
|
| 952 |
|
|
|0 0
|1 0
|4 0
|6 372_830000000000000_BER_2002
|7 0
|8 P
|9 377149
|a BIBEDU
|b BIBEDU
|c BIBEDU_PB
|d 2019-11-21
|i 4250877
|o 372.83 BER 2002
|p 4250877
|r 2024-01-25
|w 2019-11-21
|y BK
|k EBA
|
| 952 |
|
|
|0 0
|1 0
|4 0
|6 372_830000000000000_BER_2002
|7 0
|8 P
|9 377150
|a BIBEDU
|b BIBEDU
|c BIBEDU_PB
|d 2019-11-21
|i 4250885
|o 372.83 BER 2002
|p 4250885
|r 2024-01-25
|w 2019-11-21
|y BK
|k EBA
|
| 952 |
|
|
|0 0
|1 0
|4 0
|6 372_830000000000000_BER_2002
|7 0
|8 P
|9 377151
|a BIBEDU
|b BIBEDU
|d 2019-11-21
|i 4250893
|o 372.83 BER 2002
|p 4250893
|r 2019-11-21
|w 2019-11-21
|y BK
|k EBA
|
| 952 |
|
|
|0 0
|1 0
|4 0
|6 372_830000000000000_BER_2002
|7 0
|8 P
|9 377152
|a BIBEDU
|b BIBEDU
|d 2019-11-21
|i 4250907
|o 372.83 BER 2002
|p 4250907
|r 2019-11-21
|w 2019-11-21
|y BK
|k EBA
|